000 00983nam a2200265Ia 4500
003 OSt
005 20221005103437.0
006 a|||||r|||| 00| 0
007 ta
008 221004b |||||||| |||| 00| 0 san d
020 _c100
024 _a109810
037 _b550, 17/03/2011, Eastern Book Linkers
_cTextual
040 _aCRL
_cCRL
_bsan
041 _2san
_asan
082 _aO15,1E88,5, 152N1.3
100 _aललवानी, गणेश, अनु.
245 0 _aत्रिषष्टिशलाकापुरूषचरित
246 _aTriṣhaṣhṭishalākāpurūṣhacharita
260 _aजयपुर
_bप्राकृत भारती अकादमी भारत
_c1991
300 _a268पृ0
_ccm.
650 _aहिन्दी नाटक
942 _hO15,1E88,5, 152N1.3
_cTEXL
_2cc
999 _c1010097
_d1010097